000 00519nam a2200193 a 4500
005 20140311163004.0
008 030719s19uu xx 00 eng d
010 _aCollege Library
020 _a0312259441
050 _aPN 1994
_b.D53 2002
100 _aDick, Bernard F.
245 _aAnatomy of film /
_cBernard F. Dick.
250 _a4th ed.
260 _aBoston :
_bBedford/St. Martin's,
_c2002.
300 _a382 p. :
_bill. ;
_c23 cm.
650 _aMotion picture
942 _cBK
_2lcc
_kFOR
999 _c39267
_d39267